000 00428nam a2200181Ia 4500
001 17976
005 20260306171556.0
008 260306s9999||||xx |||||||||||||| ||und||
041 _aESP
082 _a658.3
_bR95
100 _aRunde, Craig E.
_eAUT
245 0 _aDeveloping Your Conflict Competence
260 _c2010
300 _a270 páginas :
_c24 cm.
650 _aGEN
654 _aCAN
942 _cLIB
_dJUS
_fJUS
_2ddc
_n
999 _c17976
_d17976